000 00418nam a2200181Ia 4500
001 13676
005 20260306164818.0
008 260306t2010||||xx |||||||||||||| ||spa||
041 _aESP
082 _a005.12
_bT27
100 _aTaylor, Richard N.
_eAUT
245 0 _aSottware arquitecture
260 _c2010
300 _a712 páginas :
_c24 cm.
650 _aGEN
654 _aCCC
942 _cLIB
_dJUS
_fJUS
_2ddc
_n
999 _c13676
_d13676